Score 0/20 Timer 04:00
1 Play Today
Number of Billionaires Country % Correct
537United States
99.7%
430China
97.6%
46France
95.3%
93Russia
94.4%
72Germany
93.7%
80United Kingdom
93.6%
45Japan
91.6%
39Canada
91.5%
56Brazil
89.2%
19Spain
89.1%
Number of Billionaires Country % Correct
27Italy
88.1%
97India
86.7%
32Australia
84%
60Switzerland
70.1%
33South Korea
61.6%
33Turkey
54.1%
24Indonesia
53.1%
29Thailand
42.6%
26Singapore
37.7%
48Taiwan
34.4%
Remove Ads.
Support Sporcle.
Get the best of Sporcle when you Go Orange. This ad-free experience offers more features, more stats, and more fun while also helping to support Sporcle. Thank you for becoming a member.

You're not logged in!

Compare scores with friends on all Sporcle quizzes.
OR
Log In

Sporcle TV

Today on Sporcle TV


Watch our educational content, quiz creation guides, and fun videos on Sporcle TV.

Show Comments

Extras

Top Quizzes Today


Score Distribution

Paid Content

Your Account Isn't Verified!

In order to create a playlist on Sporcle, you need to verify the email address you used during registration. Go to your Sporcle Settings to finish the process.

Report this User

Report this user for behavior that violates our Community Guidelines.

Details: